000 01221nam0a22002531 4500
001 rc\489721
005 20250621103925.0
035 _a(NLR Aleph) 005731815
090 _a7586963
_c7586963
100 _a20030616d1987 |||y0rusy50 ca
101 0 _arus
102 _aRU
105 _ay |||||||||
200 1 _aМетодическая разработка по составлению и использованию производственных ситуаций в учебном процессе
_fМ-во быт. обслуж. населения РСФСР, Ин-т повышения квалификации руководящих работников и специалистов службы быта
_g[Сост к. э. н., доц. Васильева Л.Е.]
210 _aМ.
_cБ. и.
_d1987
215 _a16 с.
_d20
320 _aБиблиогр.: с. 15-16
702 1 _aВасильева
_bЛ.Е.
_4220
712 0 2 _aИнститут повышения квалификации руководящих работников и специалистов службы быта
_cМосква
801 0 _aRU
_bNLR
_gpsbo
801 1 _aRU
_bELAR
_2rusmarc
852 _aNLR
_j88-4/14664
942 _cBOOK
980 _aNB